000 00555nam a2200169 i 4500
001 61197
003 ES-MaACL
005 20230906164409.0
007 t|
008 031111s1983 sp ||||1| spa d
110 2 _aCastilla y León.
_92497
240 1 0 _aEstatuto de Autonomía, 1983
245 1 0 _aEstatuto de Autonomía de Castilla-León
_b: [ley orgánica 4/1983, de 25 de febrero].
260 _a[Madrid :
_bPresidencia del Gobierno, Servicio Central de Publicaciones,
_c1983]
300 _a27 p. ;
_c21 cm.
852 _aES-MaACL
_j2127-F-28
_bR.106052
999 _c61197
_d61197